000 00276nam a22001217a 4500
008 170913b xxu||||| |||| 00| 0 eng d
041 _aeng
080 _24 ED
_a53
100 _a43
101 _aFIZ
245 _aMODERN COLLEGE PHYSICS
_cNOSTRAND..D.V
942 _2udc
_cBK
999 _c27440
_d27440